Portraits of African-American heroes / (Record no. 5740)

MARC details
000 -LEADER
fixed length control field 00980nam a22002537a 4500
001 - CONTROL NUMBER
control field 5740
003 - CONTROL NUMBER IDENTIFIER
control field FISKH
005 - DATE AND TIME OF LATEST TRANSACTION
control field 20250117100106.0
008 - FIXED-LENGTH DATA ELEMENTS--GENERAL INFORMATION
fixed length control field 250117b cb ||||| |||| 00| 0 eng d
020 ## - INTERNATIONAL STANDARD BOOK NUMBER
International Standard Book Number 9780439684040
040 ## - CATALOGING SOURCE
Original cataloging agency FISKH
Language of cataloging eng
Transcribing agency FISKH
Modifying agency FISKH
050 ## - LIBRARY OF CONGRESS CALL NUMBER
Classification number E185.B58
082 ## - DEWEY DECIMAL CLASSIFICATION NUMBER
Classification number 920.009296073
100 ## - MAIN ENTRY--PERSONAL NAME
Personal name Bolden, Tonya
245 ## - TITLE STATEMENT
Title Portraits of African-American heroes /
Statement of responsibility, etc. by Tonya Bolden : Painting by Ansel Pitcairn
250 ## - EDITION STATEMENT
Edition statement First Scholastic printing, February 2005
260 ## - PUBLICATION, DISTRIBUTION, ETC.
Place of publication, distribution, etc. New York :
Name of publisher, distributor, etc. Scholastic ;
Date of publication, distribution, etc. 2003.
300 ## - PHYSICAL DESCRIPTION
Extent 88 pages :
Other physical details color illustrations ;
Dimensions 26 cm .
520 ## - SUMMARY, ETC.
Summary, etc. Presents biographical profiles of twenty African-American men and women whose accomplishments have made a significant impact on their communities and their country, each accompanied by a portrait created by artist Ansel Pitcairn.
650 ## - SUBJECT ADDED ENTRY--TOPICAL TERM
Topical term or geographic name entry element black history
Form subdivision non-fiction
700 ## - ADDED ENTRY--PERSONAL NAME
Personal name Pitcairn, Ansel
Relator term illustrator
942 ## - ADDED ENTRY ELEMENTS (KOHA)
Source of classification or shelving scheme Dewey Decimal Classification
Koha item type Books
Suppress in OPAC No
Holdings
Withdrawn status Lost status Source of classification or shelving scheme Damaged status Not for loan Collection Home library Current library Shelving location Date acquired Total Checkouts Full call number Barcode Date last seen Price effective from Koha item type
    Dewey Decimal Classification     Non-Fiction Footprints International School Library Network Toul Kork Campus Footprints International School Library Network Toul Kork Campus TTP Secondary Non-Fiction Bookshelves 01/17/2025   BOL 920.009296073 E185.B58 FISSE01421 01/17/2025 01/17/2025 Books